Größte Städte Deutschlands mit 5 Buchstaben - Statistiken

Allgemein
  • Dieses Quiz wurde 93 mal gespielt
  • Das Durchschnittsergebnis liegt bei 11 aus 25
Antwortstatistiken
Einwohner Stadt BL % Korrekt
224.684 Mainz RP
90%
574.682 Essen NW
89%
104.342 Trier RP
77%
190.384 Hagen NW
73%
155.851 Herne NW
71%
226.767 Halle ST
68%
132.036 Fürth BY
67%
97.956 Hanau HE
56%
154.317 Neuss NW
56%
101.503 Moers NW
52%
49.202 Emden NI
48%
65.434 Fulda HE
48%
66.834 Celle NI
43%
86.753 Worms RP
43%
67.621 Aalen BW
37%
52.666 Ahlen NW
34%
94.568 Düren NW
34%
86.163 Lünen NW
28%
50.987 Peine NI
27%
62.160 Hürth NW
19%
47.776 Soest NW
19%
48.633 Stade NI
19%
60.785 Wesel NW
19%
53.028 Kleve NW
16%
46.436 Melle NI
11%
Keine übereinstimmenden Quizze gefunden
Verteilung der Resultate
Anzahl Personen mit jedem Resultat
Perzentil nach korrekt beantworteten Fragen
Ihre Resultats-Entwicklung
Sie haben dieses Quiz noch nicht gespielt